<?xml version="1.0" encoding="UTF-8"?>
<record
    xmlns:xsi="http://www.w3.org/2001/XMLSchema-instance"
    xsi:schemaLocation="http://www.loc.gov/MARC21/slim http://www.loc.gov/standards/marcxml/schema/MARC21slim.xsd"
    xmlns="http://www.loc.gov/MARC21/slim">

  <leader>     nam a22     7a 4500</leader>
  <datafield tag="952" ind1=" " ind2=" ">
    <subfield code="0">0</subfield>
    <subfield code="1">0</subfield>
    <subfield code="2">lcc</subfield>
    <subfield code="4">0</subfield>
    <subfield code="7">0</subfield>
    <subfield code="a">PAC</subfield>
    <subfield code="b">PAC</subfield>
    <subfield code="c">SPCL</subfield>
    <subfield code="d">2017-07-06</subfield>
    <subfield code="e">Donation</subfield>
    <subfield code="l">0</subfield>
    <subfield code="o">Spec HD 990 .K4A5 2015</subfield>
    <subfield code="p">53677</subfield>
    <subfield code="r">2017-07-06 00:00:00</subfield>
    <subfield code="t">c.1</subfield>
    <subfield code="w">2017-07-06</subfield>
    <subfield code="y">SPEC</subfield>
  </datafield>
  <datafield tag="952" ind1=" " ind2=" ">
    <subfield code="0">0</subfield>
    <subfield code="1">0</subfield>
    <subfield code="2">lcc</subfield>
    <subfield code="4">0</subfield>
    <subfield code="7">0</subfield>
    <subfield code="a">PAC</subfield>
    <subfield code="b">PAC</subfield>
    <subfield code="c">SPCL</subfield>
    <subfield code="d">2017-07-06</subfield>
    <subfield code="e">Donation</subfield>
    <subfield code="l">0</subfield>
    <subfield code="o">Spec HD 990 .K4A5 2015</subfield>
    <subfield code="p">53679</subfield>
    <subfield code="r">2017-07-06 00:00:00</subfield>
    <subfield code="t">c.2</subfield>
    <subfield code="w">2017-07-06</subfield>
    <subfield code="y">SPEC</subfield>
  </datafield>
  <datafield tag="952" ind1=" " ind2=" ">
    <subfield code="0">0</subfield>
    <subfield code="1">0</subfield>
    <subfield code="2">lcc</subfield>
    <subfield code="4">0</subfield>
    <subfield code="7">0</subfield>
    <subfield code="a">PAC</subfield>
    <subfield code="b">PAC</subfield>
    <subfield code="c">SPCL</subfield>
    <subfield code="d">2017-07-06</subfield>
    <subfield code="e">Donation</subfield>
    <subfield code="l">0</subfield>
    <subfield code="o">Spec HD 990 .K4A5 2015</subfield>
    <subfield code="p">53678</subfield>
    <subfield code="r">2017-07-06 00:00:00</subfield>
    <subfield code="t">c.3</subfield>
    <subfield code="w">2017-07-06</subfield>
    <subfield code="y">SPEC</subfield>
  </datafield>
  <datafield tag="999" ind1=" " ind2=" ">
    <subfield code="c">29169</subfield>
    <subfield code="d">29169</subfield>
  </datafield>
  <controlfield tag="008">170706b        xxu||||| |||| 00| 0 eng d</controlfield>
  <datafield tag="050" ind1=" " ind2=" ">
    <subfield code="a">Spec HD 990</subfield>
    <subfield code="b">.K4A5 2015</subfield>
  </datafield>
  <datafield tag="100" ind1=" " ind2=" ">
    <subfield code="a">.</subfield>
  </datafield>
  <datafield tag="245" ind1=" " ind2=" ">
    <subfield code="a">Devolving and governance </subfield>
    <subfield code="c">National Land Commission</subfield>
  </datafield>
  <datafield tag="260" ind1=" " ind2=" ">
    <subfield code="a">Nairobi</subfield>
    <subfield code="b">National Land Commission</subfield>
    <subfield code="c">2016</subfield>
  </datafield>
  <datafield tag="300" ind1=" " ind2=" ">
    <subfield code="a">xxii,115p;</subfield>
    <subfield code="b">ill</subfield>
  </datafield>
  <datafield tag="650" ind1=" " ind2=" ">
    <subfield code="2">Land commission</subfield>
    <subfield code="a">land governance</subfield>
    <subfield code="v">land development</subfield>
    <subfield code="z">Kenya</subfield>
  </datafield>
  <datafield tag="942" ind1=" " ind2=" ">
    <subfield code="2">lcc</subfield>
    <subfield code="c">SPEC</subfield>
  </datafield>
</record>
